000 00799nab a2200229u 4500
001 22822
003 HDC
007 c| |||a|c|aaaa
008 210309b20100206my ||||o |||| 00| 0 eng d
040 _aHDC
100 _aR. Scott Nolen /
_eauthor
_919537
245 0 _aFaith inspires Muslim veterinarian's compassion for animals /
_bR. Scott Nolen
336 _atext
_2rdacontent
337 _acomputer
_2rdamedia
338 _aonline resource
_2rdacarrier
650 _aslaughter of food animals
_919539
650 _aworld's fastest-growing religions
_919538
856 _zRequest full-text at [email protected]
942 _2lcc
942 _cNEWS
942 _kNWS0 005020
999 _c20138
_d20138